| 000 | 00000nam 2200000za 4500 |
| 001 | 9.802524 |
| 003 | CaOODSP |
| 005 | 20250403105643 |
| 007 | cr ||||||||||| |
| 008 | 150805s2015 onc|||||o f|0| 0 fre d |
| 020 | |a978-0-660-03158-3 |
| 040 | |aCaOODSP|bfre |
| 043 | |an-cn--- |
| 086 | 1 |aCS89-652/2015-6F-PDF |
| 100 | 1 |aTurcotte, Martin. |
| 245 | 12|aL'engagement communautaire et la participation politique au Canada |h[ressource électronique] / |cpar Martin Turcotte. |
| 260 | |a[Ottawa] : |bStatistique Canada, |c2015. |
| 300 | |a28 p. : |bgraphiques, tableaux. |
| 490 | 1 |aMettre l'accent sur les Canadiens - résultats de l'Enquête sociale générale ; |v[N° 6] |
| 500 | |aDate de diffusion : le 14 septembre 2015. |
| 500 | |aPublié aussi en anglais sous le titre : Civic engagement and political participation in Canada. |
| 504 | |aComprend des références bibliographiques. |
| 692 | 07|2gccst|aVie politique |
| 710 | 2 |aStatistique Canada. |
| 775 | 08|tCivic engagement and political participation in Canada |w(CaOODSP)9.802523 |
| 830 | #0|aMettre l'accent sur les Canadiens - résultats de l'Enquête sociale générale ;|v[N° 6]|w(CaOODSP)9.504051 |
| 856 | 40|qPDF|s807 Ko|uhttps://publications.gc.ca/collections/collection_2015/statcan/89-652-x/89-652-x2015006-fra.pdf |